000
00187 a2200097 4500
001
7117
100
_a
Iliffe
245
_a
Radio valve data
260
_a
_b
Ilife
_c
090
_c
5887
_d
5887
942
_a
NUST-CAE
_c
M
_c
32363
999
_c
242190
_d
242190